LDR 00698naa#a2200169#i#450# 001 RU\\bibl\122061 005 20260706004622.1 011 ## _a2782-5256 100 ## _a20260319b2026####ek#y0rusy0150####ca 102 ## _aRU 200 1# _aКомпьютерная информация: понятие, содержание, форма _eЖурнальная статья 210 1# _aМосква _cМосковский университет МВД России имени В.Я. Кикотя _d2026 215 ## _a7 с. 608 ## _aЖурнальная статья _2local 675 ## _aПраво. Юридические науки. 34 _z 700 #1 _aКим _gАндрей Васильевич 856 4# _amosumvd.editorum.ru _u